ARRUPE JESUIT UNIVERSITY

CORONAVIRUS -STOP THE SPREAD - CLEAN,DISINFECT,COVER

English short stories, (Record no. 130139)

MARC details
000 -LEADER
fixed length control field 00818cam a22002411 4500
001 - CONTROL NUMBER
control field 5964501
003 - CONTROL NUMBER IDENTIFIER
control field ARRUPE
005 - DATE AND TIME OF LATEST TRANSACTION
control field 20200121094306.0
008 - FIXED-LENGTH DATA ELEMENTS--GENERAL INFORMATION
fixed length control field 770629s1936 xx 000 0 eng
010 ## - LIBRARY OF CONGRESS CONTROL NUMBER
LC control number 37030968
035 ## - SYSTEM CONTROL NUMBER
System control number (OCoLC)3081178
040 ## - CATALOGING SOURCE
Original cataloging agency DLC
Transcribing agency PCvA
Modifying agency OCoLC
-- DLC
042 ## - AUTHENTICATION CODE
Authentication code premarc
050 00 - LIBRARY OF CONGRESS CALL NUMBER
Classification number PZ1
Item number .E61
300 ## - PHYSICAL DESCRIPTION
Dimensions 18cm.
245 00 - TITLE STATEMENT
Title English short stories,
Remainder of title an anthology.
Statement of responsibility, etc Introduction by Richard Wilson
260 ## - PUBLICATION, DISTRIBUTION, ETC. (IMPRINT)
Place of publication, distribution, etc London,
Name of publisher, distributor, etc J.M. Dent & sons, ltd.;
Place of publication, distribution, etc New York,
Name of publisher, distributor, etc E.P. Dutton
Date of publication, distribution, etc 1921
300 ## - PHYSICAL DESCRIPTION
Extent xii, 368 p. ;
490 0# - SERIES STATEMENT
Series statement Everyman's library, ed. by Ernest Rhys. Fiction. [no. 1743]
500 ## - GENERAL NOTE
General note "First published in this edition, 1921; reprinted ... 1936."
650 #0 - SUBJECT ADDED ENTRY--TOPICAL TERM
Topical term or geographic name as entry element Short stories, English.
9 (RLIN) 45232
906 ## - LOCAL DATA ELEMENT F, LDF (RLIN)
a 7
b cbc
c oclcrpl
d u
e ncip
f 19
g y-gencatlg
942 ## - ADDED ENTRY ELEMENTS (KOHA)
Source of classification or shelving scheme Library of Congress Classification
Koha item type Monograph ( Printed materials)
Holdings
Withdrawn status Lost status Source of classification or shelving scheme Damaged status Not for loan Collection code Home library Current library Shelving location Date acquired Total Checkouts Full call number Barcode Date last seen Price effective from Koha item type
    Library of Congress Classification     Main Collection ARRUPE LIBRARY ARRUPE LIBRARY Main Collection 21/01/2020   PZ1 .E61 46600006148 21/01/2020 21/01/2020 Monograph ( Printed materials)

 

Arrupe Library. PO Box MP320 Mt Pleasant, Harare, Zimbabwe
263 242 745411|librarian@aju.ac.zw